[Event "CCT Chessable Masters Play-In 2025"]
[Site "Online"]
[Date "2025.02.17"]
[Round "7.19"]
[White "Tari, Aryan"]
[Black "Le, Quang Liem"]
[Result "1/2-1/2"]
[WhiteElo "2621"]
[BlackElo "2739"]
[PlyCount "292"]
[EventDate "2025.02.13"]
[EventType "swiss"]
[EventCountry "NET"]

1. e4 e5 2. Nf3 Nc6 3. Nc3 Nf6 4. h3 Bb4 5. a3 Bxc3 6. dxc3 Nxe4 7. Nxe5 Nxe5 8. Qd4 O-O 9. Qxe4 d5 10. Qd4 Re8 11. Be3 b6 12. O-O-O Bb7 13. Qf4 c5 14. h4 Qd7 15. Be2 Rad8 16. h5 h6 17. Qg3 Kh8 18. Bf4 Qf5 19. Rhe1 Bc6 20. Qh4 Kg8 21. Be3 Qc8 22. g4 d4 23. cxd4 Nf3 24. Qg3 Nxe1 25. g5 hxg5 26. Rxe1 cxd4 27. Bxg5 Ba4 28. Qd3 Bxc2 29. Qxc2 Qxc2+ 30. Kxc2 Rxe2+ 31. Rxe2 d3+ 32. Kd2 f6 33. Re7 fxg5 34. Rxa7 Rf8 35. Ke3 g4 36. Rd7 Rf3+ 37. Ke4 Rxf2 38. Rxd3 Rxb2 39. Kf5 g3 40. Rxg3 Kf7 41. Rc3 Rb5+ 42. Kg4 Ke6 43. Rc6+ Kf7 44. Rc7+ Kg8 45. Rb7 Kh7 46. Rb8 Rb3 47. a4 Rb1 48. Kg5 Rg1+ 49. Kf4 Rf1+ 50. Kg4 Rf6 51. Kg5 Rd6 52. Kg4 Rc6 53. Kg5 Rc5+ 54. Kg4 Rc4+ 55. Kg5 Rxa4 56. Rxb6 Ra5+ 57. Kg4 Rc5 58. Kh4 Rc4+ 59. Kg5 Rc1 60. Kg4 Rh1 61. Kg5 Rg1+ 62. Kh4 Kg8 63. Rb7 Kf8 64. Ra7 Rg2 65. Rb7 Rg1 66. Ra7 Re1 67. Rb7 Re4+ 68. Kg5 Re6 69. Ra7 Rd6 70. Rb7 Ra6 71. Rc7 Ra5+ 72. Kg6 Ra6+ 73. Kg5 Kg8 74. Rb7 Kh7 75. Rb8 Ra5+ 76. Kg4 Ra1 77. Rc8 Rg1+ 78. Kh4 Rh1+ 79. Kg5 Rf1 80. Kg4 Re1 81. Kg5 Rd1 82. Kg4 Rd5 83. Kh4 Rb5 84. Kg4 Ra5 85. Rd8 Ra4+ 86. Kg5 Ra6 87. Rf8 Ra7 88. Kg4 Ra5 89. Re8 Ra4+ 90. Kg5 Ra1 91. Kg4 Rg1+ 92. Kh4 Ra1 93. Rd8 Ra4+ 94. Kg5 Ra5+ 95. Kg4 g6 96. hxg6+ Kxg6 97. Rd6+ Kf7 98. Kf4 Ke7 99. Rh6 Kf7 100. Kg4 Kg7 101. Rh5 Ra4+ 102. Kg5 Ra3 103. Rh1 Ra5+ 104. Kf4 Kf6 105. Ke4 Ke6 106. Rh6+ Kf7 107. Rh7+ Kf6 108. Rb7 Ra4+ 109. Kd5 Ra1 110. Rb6+ Kf5 111. Rb5 Rc1 112. Kd6+ Kf6 113. Rb6 Rd1+ 114. Kc5+ Ke7 115. Rb7+ Ke6 116. Rb4 Ke5 117. Rc4 Rd5+ 118. Kb4 Rd8 119. Rc5+ Kd4 120. Rc4+ Kd3 121. Rc3+ Kd2 122. Rc4 Rb8+ 123. Kc5 Kd3 124. Rd4+ Kc3 125. Rc4+ Kb3 126. Rh4 Rc8+ 127. Kd5 Rg8 128. Ke6 Kc3 129. Kf5 Kd3 130. Rg4 Rf8+ 131. Ke6 Ke3 132. Rg5 Ra8 133. Rg3+ Kf4 134. Rg6 Ra7 135. Rf6+ Ke4 136. Rf8 Ra6+ 137. Kd7 Ke5 138. Re8+ Kd5 139. Rc8 Rh6 140. Rc7 Rh8 141. Rc1 Rh7+ 142. Kc8 Kd6 143. Rd1+ Kc6 144. Rc1+ Kb6 145. Rb1+ Kc5 146. Rc1+ Kb4 1/2-1/2

[Event "CCT Chessable Masters Play-In 2025"]
[Site "Online"]
[Date "2025.02.17"]
[Round "7.20"]
[White "Mikaelyan, Arman"]
[Black "Santos Latasa, Jaime"]
[Result "0-1"]
[WhiteElo "2497"]
[BlackElo "2631"]
[PlyCount "182"]
[EventDate "2025.02.13"]
[EventType "swiss"]
[EventCountry "NET"]

1. d4 Nf6 2. c4 e6 3. Nc3 d5 4. cxd5 exd5 5. Bf4 Bd6 6. Bxd6 Qxd6 7. e3 Bf5 8. Nge2 Nbd7 9. Ng3 Bg6 10. h4 Ne4 11. Ngxe4 Bxe4 12. Rc1 c6 13. h5 h6 14. Qb3 Rb8 15. Nxe4 dxe4 16. Rh4 Qe7 17. Rf4 O-O 18. Qa3 Qxa3 19. bxa3 Rfe8 20. g4 Rbc8 21. a4 Rc7 22. a5 a6 23. Bc4 Nf6 24. Bb3 Kf8 25. Rc5 Nh7 26. d5 Ng5 27. dxc6 Rxc6 28. Rxc6 bxc6 29. Rf5 Rd8 30. Ke2 Ke7 31. Rc5 Kd6 32. Rc2 Rb8 33. Bc4 Rb1 34. Rd2+ Kc5 35. Bxa6 Nf3 36. Rd1 Rb2+ 37. Kf1 Rxa2 38. Be2 Rxa5 39. Bxf3 exf3 40. Kg1 Ra4 41. Rd7 Rxg4+ 42. Kf1 f5 43. Rf7 Rg5 44. Ke1 Kd5 45. Kd2 Ke6 46. Rc7 Rg2 47. Rxc6+ Kd5 48. Ra6 Rxf2+ 49. Kd3 Rg2 50. Ra5+ Ke6 51. e4 fxe4+ 52. Kxe4 f2 53. Re5+ Kd6 54. Rd5+ Ke7 55. Re5+ Kf7 56. Rf5+ Kg8 57. Ke3 Rh2 58. Ke2 Kh7 59. Kf1 Kg8 60. Ke2 Rg2 61. Kf1 Rg5 62. Rxg5 hxg5 63. Kxf2 Kh7 64. Kg3 Kh6 65. Kg4 g6 66. hxg6 Kxg6 67. Kg3 Kf5 68. Kf3 g4+ 69. Kg3 Kg5 70. Kg2 Kf4 71. Kf2 Ke5 72. Kg3 Kf5 73. Kg2 Kg6 74. Kg3 Kh5 75. Kg2 Kh4 76. Kh2 g3+ 77. Kg2 Kg4 78. Kg1 Kf5 79. Kg2 Kf4 80. Kg1 Kg5 81. Kg2 Kh4 82. Kg1 Kg4 83. Kg2 Kh4 84. Kg1 Kh3 85. Kh1 Kh4 86. Kg2 Kg4 87. Kg1 Kf3 88. Kf1 Ke4 89. Kg2 Kf4 90. Kg1 Ke3 91. Kf1 Kf4 0-1

[Event "CCT Chessable Masters Play-In 2025"]
[Site "Online"]
[Date "2025.02.17"]
[Round "7.21"]
[White "Sindarov, Javokhir"]
[Black "Rozum, Ivan"]
[Result "1-0"]
[WhiteElo "2700"]
[BlackElo "2443"]
[PlyCount "103"]
[EventDate "2025.02.13"]
[EventType "swiss"]
[EventCountry "NET"]

1. e4 c5 2. Nf3 d6 3. d4 cxd4 4. Nxd4 Nf6 5. Bd3 Nc6 6. Be3 Ng4 7. Nxc6 bxc6 8. Bd4 e5 9. Bc3 Qh4 10. g3 Qh3 11. Nd2 Qg2 12. Qf3 Qxf3 13. Nxf3 Be7 14. O-O Be6 15. Rad1 f6 16. Bd2 d5 17. h3 Nh6 18. Bxh6 gxh6 19. Kh2 Kf7 20. Nh4 a5 21. a4 Rab8 22. b3 Rb4 23. Rfe1 Kg7 24. exd5 cxd5 25. Nf5+ Bxf5 26. Bxf5 Rd8 27. Be6 Bc5 28. Kg2 Rd4 29. Rd3 Rxd3 30. cxd3 Rd6 31. Bf5 Rb6 32. Rc1 Bd6 33. Rc8 Rxb3 34. Rd8 Bc5 35. Rxd5 Bb6 36. f4 exf4 37. gxf4 Rb4 38. Kf3 Rxa4 39. Rd7+ Kf8 40. Be4 Ra2 41. Rd6 Rf2+ 42. Kg3 Be3 43. Rxf6+ Kg7 44. Rf5 a4 45. Bd5 a3 46. Rf7+ Kg6 47. Re7 Bc5 48. Re6+ Kf5 49. Rc6 Rxf4 50. Rxc5 Rd4 51. Be4+ Kf6 52. Ra5 1-0

[Event "CCT Chessable Masters Play-In 2025"]
[Site "Online"]
[Date "2025.02.17"]
[Round "7.22"]
[White "Aronian, Levon"]
[Black "Narayanan S L"]
[Result "1/2-1/2"]
[WhiteElo "2745"]
[BlackElo "2622"]
[PlyCount "70"]
[EventDate "2025.02.13"]
[EventType "swiss"]
[EventCountry "NET"]

1. e4 c6 2. d4 d5 3. e5 Bf5 4. h4 Qb6 5. a4 a5 6. Ra3 h6 7. Rb3 Qc7 8. Bd3 Bxd3 9. Qxd3 e6 10. Nc3 b5 11. Nf3 b4 12. Ne2 Nd7 13. c4 dxc4 14. Qxc4 Nb6 15. Qc2 Ne7 16. Re3 Ned5 17. Re4 c5 18. dxc5 Qxc5 19. Qb3 Rc8 20. Nfd4 Qxc1+ 21. Nxc1 Rxc1+ 22. Ke2 Rxh1 23. Qc2 Be7 24. Qc6+ Kf8 25. Qb7 g6 26. Nc6 Rxh4 27. f3 Bg5 28. Nd4 Rh1 29. f4 Bxf4 30. Nxe6+ fxe6 31. Qb8+ Kg7 32. Qb7+ Kg8 33. Qb8+ Kg7 34. Qb7+ Kg8 35. Qb8+ Kg7 1/2-1/2

[Event "CCT Chessable Masters Play-In 2025"]
[Site "Online"]
[Date "2025.02.17"]
[Round "7.23"]
[White "Alekseev, Evgeny"]
[Black "Aravindh, Chithambaram VR."]
[Result "0-1"]
[WhiteElo "2505"]
[BlackElo "2729"]
[PlyCount "88"]
[EventDate "2025.02.13"]
[EventType "swiss"]
[EventCountry "NET"]

1. e4 g6 2. d4 Bg7 3. Nf3 d6 4. Bd3 Nf6 5. O-O O-O 6. Re1 Nc6 7. d5 Nb4 8. Bf1 c6 9. a3 cxd5 10. axb4 dxe4 11. Nd4 d5 12. Nb3 e5 13. Bg5 b6 14. Nc3 Be6 15. Qd2 Qd7 16. Bb5 Qb7 17. Ba6 Qc6 18. b5 Qd7 19. Rad1 Rad8 20. Na2 Bg4 21. Rc1 Qf5 22. Nb4 d4 23. Bh4 h6 24. Nc6 Rd7 25. c3 g5 26. Bg3 e3 27. fxe3 Ne4 28. Qd3 dxc3 29. Qc2 Qe6 30. bxc3 f5 31. c4 Bh5 32. c5 Bg6 33. Bxe5 Bxe5 34. Nxe5 Qxe5 35. c6 Rc7 36. Red1 f4 37. exf4 Qxf4 38. Qc4+ Kh7 39. Qd4 Rd8 40. g3 Qf8 41. Rf1 Qe7 42. Qe3 Qb4 43. Rce1 Re8 44. Nd4 Nd2 0-1

[Event "CCT Chessable Masters Play-In 2025"]
[Site "Online"]
[Date "2025.02.17"]
[Round "7.24"]
[White "Martinez Alcantara, Jose Eduardo"]
[Black "Pranav, V."]
[Result "0-1"]
[WhiteElo "2606"]
[BlackElo "2615"]
[PlyCount "128"]
[EventDate "2025.02.13"]
[EventType "swiss"]
[EventCountry "NET"]

1. e4 e5 2. Nf3 d6 3. Bc4 Be7 4. c3 Nf6 5. d3 O-O 6. h3 Nc6 7. O-O h6 8. Re1 Be6 9. Bxe6 fxe6 10. Nbd2 a5 11. Nf1 Qd7 12. Ng3 Rf7 13. Qe2 Raf8 14. Be3 Nh7 15. Rad1 Qd8 16. d4 exd4 17. cxd4 Rxf3 18. gxf3 Ng5 19. f4 Nxh3+ 20. Kh2 Nxf4 21. Qg4 Bg5 22. Bxf4 Rxf4 23. Qxe6+ Kh7 24. Kg2 Ne7 25. Rh1 Ng6 26. Nf5 Bh4 27. Rd2 Qf8 28. Kf1 c6 29. Rg1 Bg5 30. d5 cxd5 31. Rxd5 Rf3 32. Qxd6 Qe8 33. Qc7 Bf6 34. Rd7 Qg8 35. Rh1 Rxf5 36. exf5 Ne5 37. Rd6 Qxa2 38. Qc1 Nf7 39. Rxf6 gxf6 40. Qd2 Qc4+ 41. Qe2 Qc1+ 42. Kg2 Qg5+ 43. Kh2 Ne5 44. Rg1 Qh4+ 45. Kg2 Qg5+ 46. Kh1 Qh4+ 47. Kg2 Qg5+ 48. Kf1 Qc1+ 49. Kg2 Qf4 50. Rh1 Qg5+ 51. Kf1 Qc1+ 52. Kg2 Qg5+ 53. Kf1 Qxf5 54. Rh5 Qb1+ 55. Kg2 Qg6+ 56. Kf1 Ng4 57. Rh3 Ne5 58. Rg3 Qf5 59. Kg2 h5 60. Qe3 Ng4 61. Qf3 Qe5 62. Rh3 Kg6 63. Rxh5 Qg5 64. Qg3 Ne3+ 0-1

[Event "CCT Chessable Masters Play-In 2025"]
[Site "Online"]
[Date "2025.02.17"]
[Round "7.25"]
[White "Gledura, Benjamin"]
[Black "Le, Tuan Minh"]
[Result "0-1"]
[WhiteElo "2659"]
[BlackElo "2598"]
[PlyCount "54"]
[EventDate "2025.02.13"]
[EventType "swiss"]
[EventCountry "NET"]

1. g3 d5 2. c4 c6 3. Nf3 Nf6 4. Bg2 g6 5. b3 Bg7 6. Bb2 O-O 7. O-O a5 8. d3 a4 9. b4 dxc4 10. dxc4 Be6 11. Nbd2 Qc8 12. a3 Rd8 13. Qc1 Bh3 14. Rd1 Bxg2 15. Kxg2 c5 16. b5 Nbd7 17. Qc2 Nb6 18. h3 Qe6 19. e3 h6 20. Ne5 Ne8 21. Ndf3 Rd6 22. Qe2 Rad8 23. Bc3 Rxd1 24. Rxd1 Rxd1 25. Qxd1 Nd6 26. Qd3 Nbxc4 27. Ng4 Qe4 0-1

[Event "CCT Chessable Masters Play-In 2025"]
[Site "Online"]
[Date "2025.02.17"]
[Round "7.26"]
[White "Bok, Benjamin"]
[Black "Svane, Rasmus"]
[Result "1/2-1/2"]
[WhiteElo "2583"]
[BlackElo "2621"]
[PlyCount "136"]
[EventDate "2025.02.13"]
[EventType "swiss"]
[EventCountry "NET"]

1. c4 e5 2. g3 Nf6 3. Bg2 h6 4. d3 Bb4+ 5. Nd2 O-O 6. Ngf3 Re8 7. O-O c6 8. a3 Bf8 9. b4 d5 10. e4 a5 11. Rb1 axb4 12. axb4 d4 13. c5 b5 14. cxb6 Ba6 15. Qc2 Qxb6 16. Nc4 Bxc4 17. Qxc4 Qb5 18. Qxb5 cxb5 19. Nxd4 exd4 20. e5 Ra6 21. exf6 Rxf6 22. Bf4 Nc6 23. h4 Nxb4 24. Rb3 Rfe6 25. Bd2 Na6 26. Rxb5 Nc5 27. Rd1 Nxd3 28. Ba5 Ne5 29. Rxd4 Nc6 30. Bxc6 Rxc6 31. Rd8 Rc8 32. Rxc8 Rxc8 33. Kg2 Be7 34. Bb4 Bf6 35. Bd6 Rc6 36. Be5 Be7 37. Rb8+ Kh7 38. Rb7 Re6 39. Bf4 h5 40. Be3 Kg6 41. Rb6 Bd6 42. Kf3 Kf5 43. Rb5+ Be5 44. Bf4 f6 45. Ra5 Rb6 46. Bxe5 fxe5 47. Kg2 Rb7 48. f4 Kg4 49. Rxe5 Rb2+ 50. Kf1 Kxg3 51. Rxh5 Kxf4 52. Rg5 Rb7 53. Rg6 Kf5 54. h5 Rc7 55. Ke2 Rb7 56. Kd3 Ra7 57. Kc4 Rc7+ 58. Kb5 Re7 59. Kc4 Re4+ 60. Kd3 Re7 61. Kd2 Ra7 62. Kd3 Rf7 63. Kd2 Rd7+ 64. Kc3 Re7 65. Kd3 Rb7 66. Kd2 Ra7 67. Kd3 Ra3+ 68. Kd2 Ra7 1/2-1/2

[Event "CCT Chessable Masters Play-In 2025"]
[Site "Online"]
[Date "2025.02.17"]
[Round "7.27"]
[White "Sevian, Samuel"]
[Black "Bjerre, Jonas Buhl"]
[Result "1-0"]
[WhiteElo "2692"]
[BlackElo "2640"]
[PlyCount "119"]
[EventDate "2025.02.13"]
[EventType "swiss"]
[EventCountry "NET"]

1. c4 c5 2. Nf3 g6 3. d4 cxd4 4. Nxd4 Bg7 5. e4 Nc6 6. Be3 Qb6 7. Nb3 Qd8 8. Nd4 Qb6 9. Nb3 Qd8 10. Qd2 Nf6 11. f3 d6 12. Nc3 Be6 13. Be2 O-O 14. O-O Nd7 15. Nd5 a5 16. Rac1 a4 17. Nd4 Bxd5 18. cxd5 Nxd4 19. Bxd4 Bxd4+ 20. Qxd4 Nc5 21. Kh1 Ra5 22. Rfd1 Qb8 23. Qb4 Qa7 24. g3 Rd8 25. Kg2 b5 26. h4 Ra6 27. h5 e5 28. dxe6 Nxe6 29. hxg6 hxg6 30. Rd3 Qe7 31. f4 Raa8 32. Rdc3 Qf6 33. Rd1 g5 34. f5 Nc5 35. Re3 Re8 36. Qd4 Qxd4 37. Rxd4 Re5 38. Rxd6 Rxe4 39. Rxe4 Nxe4 40. Rd4 Nf6 41. a3 Rc8 42. Bd3 Rc1 43. Rb4 g4 44. Bxb5 Rc2+ 45. Kf1 Nd5 46. Rxg4+ Kf8 47. Re4 Rxb2 48. Bxa4 Nc3 49. Rc4 Nd5 50. Re4 Nc3 51. Re8+ Kg7 52. Bc6 Ra2 53. Ra8 Kf6 54. Ra5 Kg5 55. a4 Kg4 56. Rc5 Ra1+ 57. Kf2 Nd1+ 58. Ke2 Kxg3 59. Rc2 Nf2 60. Rc3+ 1-0

[Event "CCT Chessable Masters Play-In 2025"]
[Site "Online"]
[Date "2025.02.17"]
[Round "7.28"]
[White "Henriquez Villagra, Cristobal"]
[Black "Pichot, Alan"]
[Result "1-0"]
[WhiteElo "2597"]
[BlackElo "2613"]
[PlyCount "173"]
[EventDate "2025.02.13"]
[EventType "swiss"]
[EventCountry "NET"]

1. d4 Nf6 2. Nf3 d5 3. Bf4 c5 4. e3 Nc6 5. Nbd2 Nh5 6. dxc5 Nxf4 7. exf4 g6 8. c3 Bh6 9. g3 O-O 10. Bg2 b6 11. cxb6 Qxb6 12. Nb3 e6 13. O-O a5 14. Rb1 Bg7 15. Re1 a4 16. Nbd4 Bd7 17. Ne5 Nxe5 18. fxe5 a3 19. b4 Qc7 20. Rc1 Bxe5 21. c4 Rfc8 22. Qd2 Bxd4 23. Qxd4 Ra4 24. c5 Qb7 25. Rb1 Rb8 26. Qf6 Rxb4 27. Rbc1 Bc6 28. h4 Rb2 29. h5 gxh5 30. Re5 Rb1 31. Rg5+ Kf8 32. Rxb1 Qxb1+ 33. Kh2 Be8 34. c6 Bxc6 35. Rg7 Be8 36. Qg5 Qg6 37. Rxg6 hxg6 38. Qe3 Ra8 39. Qc5+ Kg8 40. f4 Ra4 41. Bf3 h4 42. Bd1 hxg3+ 43. Kxg3 Ra8 44. Bb3 Kg7 45. Kg4 f6 46. Qe7+ Bf7 47. Kg3 Rc8 48. Qxa3 Rc3+ 49. Kf2 d4 50. Qb4 Rd3 51. Ke2 Re3+ 52. Kd2 Re4 53. Qd6 g5 54. fxg5 fxg5 55. Bc2 Rf4 56. Qe5+ Kf8 57. Qxg5 Rf2+ 58. Kc1 Rf1+ 59. Kb2 Rh1 60. Qc5+ Kg8 61. Qxd4 Rh6 62. Qd8+ Kg7 63. Qg5+ Bg6 64. a4 Kh7 65. Qe7+ Kg8 66. Qxe6+ Kg7 67. Qe7+ Kg8 68. Bxg6 Rxg6 69. a5 Rg2+ 70. Kb3 Rg3+ 71. Kb4 Rg4+ 72. Kb5 Rg6 73. a6 Rg7 74. Qe8+ Kh7 75. Kb6 Rg2 76. Qd7+ Kg8 77. Qc6 Rb2+ 78. Kc7 Ra2 79. Qd5+ Kf8 80. Qxa2 Ke7 81. a7 Kf6 82. a8=Q Ke5 83. Q8d5+ Kf4 84. Qac4+ Ke3 85. Qdd3+ Kf2 86. Qcc2+ Ke1 87. Qdd1# 1-0

[Event "CCT Chessable Masters Play-In 2025"]
[Site "Online"]
[Date "2025.02.17"]
[Round "7.29"]
[White "Ma, Qun"]
[Black "Puranik, Abhimanyu"]
[Result "1-0"]
[WhiteElo "2645"]
[BlackElo "2636"]
[PlyCount "103"]
[EventDate "2025.02.13"]
[EventType "swiss"]
[EventCountry "NET"]

1. e4 e6 2. d4 d5 3. Nc3 Nf6 4. Bg5 dxe4 5. Nxe4 Nbd7 6. Nf3 Be7 7. Nxf6+ Nxf6 8. Bd3 c5 9. dxc5 Qa5+ 10. Qd2 Qxc5 11. O-O-O O-O 12. Rhe1 Bd7 13. Ne5 Ba4 14. Qf4 Bb5 15. Bxb5 Qxb5 16. Qc4 Qa5 17. Bd2 Qb6 18. Be3 Qa5 19. Bd2 Qd5 20. Qxd5 Nxd5 21. c4 Rac8 22. Kb1 Nb6 23. b3 f6 24. Nd3 Kf7 25. Be3 Rfd8 26. a4 Rc6 27. f4 a6 28. a5 Nd7 29. Kc2 Rcc8 30. Re2 Nb8 31. Red2 Nc6 32. Bb6 Re8 33. Kc3 e5 34. fxe5 fxe5 35. b4 e4 36. Nc5 Bxc5 37. Bxc5 Nxa5 38. Rd7+ Kg8 39. Rf1 b6 40. Rff7 bxc5 41. Rxg7+ Kh8 42. Rxh7+ Kg8 43. Rhg7+ Kh8 44. bxa5 e3 45. Rge7 Rb8 46. Kd3 Rb3+ 47. Ke2 Reb8 48. Rxe3 Rb2+ 49. Rd2 Rxd2+ 50. Kxd2 Rb2+ 51. Kd3 Rxg2 52. Rh3+ 1-0

[Event "CCT Chessable Masters Play-In 2025"]
[Site "Online"]
[Date "2025.02.17"]
[Round "7.30"]
[White "Anton Guijarro, David"]
[Black "Grandelius, Nils"]
[Result "1/2-1/2"]
[WhiteElo "2668"]
[BlackElo "2644"]
[PlyCount "74"]
[EventDate "2025.02.13"]
[EventType "swiss"]
[EventCountry "NET"]

1. e4 e5 2. Nf3 Nc6 3. Bc4 Bc5 4. c3 d6 5. d4 Bb6 6. dxe5 Bg4 7. Bb5 dxe5 8. Qxd8+ Rxd8 9. Nbd2 f6 10. b4 Nge7 11. h3 Be6 12. Bc4 Kf7 13. Ke2 a5 14. a3 axb4 15. axb4 g5 16. Bxe6+ Kxe6 17. Nc4 Nc8 18. Nfd2 Nd6 19. Nxd6 cxd6 20. Nc4 Bc7 21. h4 gxh4 22. Rxh4 Ne7 23. Ra7 Rb8 24. Bd2 d5 25. exd5+ Nxd5 26. Rh6 b5 27. Ra6+ Bb6 28. Ne3 Nc7 29. Ra1 Bxe3 30. Bxe3 Ra8 31. Rxa8 Rxa8 32. Rxh7 Nd5 33. Bd2 Ra2 34. Kd1 Ra1+ 35. Ke2 Ra2 36. Kd1 Ra1+ 37. Ke2 Ra2 1/2-1/2

[Event "CCT Chessable Masters Play-In 2025"]
[Site "Online"]
[Date "2025.02.17"]
[Round "7.31"]
[White "Murzin, Volodar"]
[Black "Bluebaum, Matthias"]
[Result "1/2-1/2"]
[WhiteElo "2657"]
[BlackElo "2643"]
[PlyCount "116"]
[EventDate "2025.02.13"]
[EventType "swiss"]
[EventCountry "NET"]

1. d4 d5 2. Nf3 e6 3. Bf4 c5 4. e3 Nc6 5. c3 Bd6 6. Bg3 Nge7 7. Bd3 O-O 8. Nbd2 cxd4 9. cxd4 Nf5 10. Bxd6 Nxd6 11. a3 Bd7 12. O-O Rc8 13. Rc1 Qb6 14. b4 a5 15. b5 Ne7 16. a4 Rxc1 17. Qxc1 Rc8 18. Qa3 Qc7 19. Nb3 b6 20. Rc1 Qb8 21. h3 h6 22. Rxc8+ Nexc8 23. Nc1 Qc7 24. Ne2 Be8 25. Qc3 Qxc3 26. Nxc3 f6 27. g4 g5 28. Kg2 Kg7 29. Ng1 h5 30. Nge2 Bg6 31. Nc1 Bxd3 32. Nxd3 h4 33. Nb2 Ne7 34. Kf1 f5 35. f3 Kf6 36. Ke2 Ng6 37. Nd3 fxg4 38. fxg4 Ne7 39. Ne5 Nec8 40. Kd3 Ke7 41. e4 dxe4+ 42. Nxe4 Nxe4 43. Kxe4 Nd6+ 44. Kd3 Nc8 45. Nc4 Kd7 46. Ke3 Kc7 47. Nd2 Nd6 48. Kd3 Kd7 49. Nf1 Nf7 50. Ne3 Nd6 51. Nd1 Ne8 52. Ne3 Nd6 53. Nd1 Ne8 54. Ne3 Nf6 55. Ke2 Kc7 56. Kd3 Nd5 57. Nxd5+ exd5 58. Ke3 Kc8 1/2-1/2

[Event "CCT Chessable Masters Play-In 2025"]
[Site "Online"]
[Date "2025.02.17"]
[Round "7.32"]
[White "Svidler, Peter"]
[Black "Volokitin, Andrei"]
[Result "1-0"]
[WhiteElo "2696"]
[BlackElo "2643"]
[PlyCount "71"]
[EventDate "2025.02.13"]
[EventType "swiss"]
[EventCountry "NET"]

1. Nf3 Nf6 2. g3 d5 3. Bg2 c6 4. O-O Bf5 5. d3 e6 6. c4 Nbd7 7. cxd5 exd5 8. Nc3 Be7 9. Nd4 Bg6 10. e4 O-O 11. h3 Nc5 12. Re1 dxe4 13. dxe4 Qb6 14. Nf5 Bxf5 15. exf5 Rad8 16. Qc2 Qc7 17. Be3 Nd3 18. Red1 Nb4 19. Qb3 c5 20. Nb5 Qc8 21. Nxa7 Qxf5 22. g4 Qg6 23. Rxd8 Rxd8 24. Rd1 Rxd1+ 25. Qxd1 h5 26. Nc8 Bf8 27. Qd8 Qb1+ 28. Kh2 hxg4 29. Ne7+ Kh7 30. Qxf8 Qxb2 31. Qxf7 Qe5+ 32. Kg1 Qa1+ 33. Bf1 gxh3 34. Qg6+ Kh8 35. Qg3 Nc2 36. Qxh3+ 1-0

[Event "CCT Chessable Masters Play-In 2025"]
[Site "Online"]
[Date "2025.02.17"]
[Round "7.33"]
[White "Gholami Orimi, Mahdi"]
[Black "Hakobyan, Aram"]
[Result "1/2-1/2"]
[WhiteElo "2509"]
[BlackElo "2635"]
[PlyCount "118"]
[EventDate "2025.02.13"]
[EventType "swiss"]
[EventCountry "NET"]

1. d4 Nf6 2. c4 e6 3. Nc3 Bb4 4. e3 O-O 5. Bd3 d5 6. a3 dxc4 7. Bxc4 Bd6 8. Nge2 Nc6 9. b4 a6 10. Bb2 e5 11. d5 Ne7 12. Ng3 Bd7 13. O-O Ng6 14. Rc1 Qe7 15. Bd3 a5 16. Nce4 Nxe4 17. Nxe4 axb4 18. axb4 f5 19. Nxd6 cxd6 20. Rc7 Qd8 21. Qc2 Rb8 22. b5 Rf7 23. b6 Qg5 24. f4 Qe7 25. fxe5 Nxe5 26. Bxf5 Rbf8 27. Bxe5 Qxe5 28. Rxd7 Qxe3+ 29. Kh1 Rxf5 30. Qxf5 Rxf5 31. Rd8+ Kf7 32. Rxf5+ Kg6 33. Rf1 Qxb6 34. Rd7 Qa6 35. Re1 Kh6 36. h3 b5 37. Re6+ g6 38. Rdxd6 Qa1+ 39. Kh2 Qd4 40. Rd7 Qf4+ 41. Kh1 Qf1+ 42. Kh2 Qf4+ 43. Kh1 b4 44. Rb6 Qd4 45. Rdb7 Qd1+ 46. Kh2 Qxd5 47. Rxb4 Qd6+ 48. Kh1 Qd1+ 49. Kh2 Qd6+ 50. Kh1 Qd1+ 51. Kh2 Qd2 52. Rh4+ Kg5 53. Rg4+ Kh6 54. Rh4+ Kg5 55. Rbxh7 Qd6+ 56. Kh1 Qd1+ 57. Kh2 Qd6+ 58. Kh1 Qd1+ 59. Kh2 Qd6+ 1/2-1/2

[Event "CCT Chessable Masters Play-In 2025"]
[Site "Online"]
[Date "2025.02.17"]
[Round "7.34"]
[White "Atabayev, Saparmyrat"]
[Black "Vidit, Santosh Gujrathi"]
[Result "1-0"]
[WhiteElo "2516"]
[BlackElo "2721"]
[PlyCount "93"]
[EventDate "2025.02.13"]
[EventType "swiss"]
[EventCountry "NET"]

1. e4 c5 2. Nf3 d6 3. d4 cxd4 4. Nxd4 Nf6 5. Nc3 a6 6. Bg5 e6 7. f4 Nbd7 8. Bc4 h6 9. Bxf6 Nxf6 10. Qe2 Qa5 11. O-O-O Qh5 12. Nf3 Be7 13. e5 dxe5 14. fxe5 Nd7 15. h3 Qg6 16. g4 h5 17. Bd3 Qh6+ 18. g5 Bxg5+ 19. Kb1 Be7 20. h4 b5 21. Be4 Ra7 22. Rhg1 Rc7 23. Qd3 Nc5 24. Qd4 O-O 25. Ng5 Rd7 26. Qf2 Rxd1+ 27. Rxd1 b4 28. Bh7+ Kh8 29. Nce4 Nxe4 30. Bxe4 Bxg5 31. Qc5 Rg8 32. hxg5 Qxg5 33. Rf1 Rd8 34. Qc7 Rf8 35. Qc5 Rg8 36. b3 f6 37. Rh1 g6 38. Qe7 Qxe5 39. Bf3 Qf5 40. Be2 e5 41. Bc4 Qf3 42. Rf1 Qb7 43. Qxf6+ Rg7 44. Qxe5 Bf5 45. Rxf5 gxf5 46. Qe8+ Kh7 47. Qxh5# 1-0

[Event "CCT Chessable Masters Play-In 2025"]
[Site "Online"]
[Date "2025.02.17"]
[Round "7.35"]
[White "Abdusattorov, Nodirbek"]
[Black "Rakhmanov, Aleksandr"]
[Result "1/2-1/2"]
[WhiteElo "2766"]
[BlackElo "2585"]
[PlyCount "152"]
[EventDate "2025.02.13"]
[EventType "swiss"]
[EventCountry "NET"]

1. e4 c5 2. Nf3 Nf6 3. e5 Nd5 4. g3 Nc6 5. Bg2 g6 6. O-O Bg7 7. Re1 O-O 8. Nc3 Nc7 9. h4 b6 10. h5 Bb7 11. d3 Nd4 12. Nxd4 Bxg2 13. Nf5 Bb7 14. Nxg7 Kxg7 15. Qg4 Ne6 16. Be3 Qc7 17. Qh4 Rfe8 18. f4 d5 19. Bf2 d4 20. Ne4 Qd8 21. Qg4 f5 22. exf6+ exf6 23. f5 Nf8 24. b4 Bxe4 25. Rxe4 Rxe4 26. Qxe4 Rc8 27. Re1 Rc7 28. bxc5 bxc5 29. g4 gxh5 30. gxh5 h6 31. Bg3 Rf7 32. Bf4 Nh7 33. Qc6 Qb6 34. Qa8 Ng5 35. Bxg5 fxg5 36. Qd5 Qc7 37. Re5 Re7 38. Rxe7+ Qxe7 39. Kf1 Kf6 40. Qc6+ Kxf5 41. Qxh6 Kg4 42. Qg6 Qe3 43. Qf7 Qc1+ 44. Kg2 Qxc2+ 45. Kg1 Qd1+ 46. Kf2 Qd2+ 47. Kg1 Qe1+ 48. Kg2 Qg3+ 49. Kh1 Qh3+ 50. Kg1 Qxh5 51. Qe6+ Kh4 52. Qe1+ Kg4 53. Qe2+ Kh4 54. Qf2+ Kg4 55. Qe2+ Kh4 56. Qh2+ Kg4 57. Qg2+ Kh4 58. Kh2 Qg4 59. Qf2+ Kh5 60. Qf7+ Kh6 61. Qf8+ Kg6 62. Qe8+ Kh6 63. Qh8+ Kg6 64. Qg8+ Kh6 65. Qf8+ Kg6 66. Qe8+ Kh6 67. Qc6+ Kh5 68. Qa6 Qe2+ 69. Kh1 Qe1+ 70. Kg2 Qe2+ 71. Kg3 Qe3+ 72. Kh2 Qe2+ 73. Kg1 Qe1+ 74. Kg2 Qe2+ 75. Kh1 Qe1+ 76. Kh2 Qe2+ 1/2-1/2

[Event "CCT Chessable Masters Play-In 2025"]
[Site "Online"]
[Date "2025.02.17"]
[Round "7.36"]
[White "Azarov, Sergei"]
[Black "Salem, A.R. Saleh"]
[Result "1-0"]
[WhiteElo "2596"]
[BlackElo "2631"]
[PlyCount "110"]
[EventDate "2025.02.13"]
[EventType "swiss"]
[EventCountry "NET"]

1. e4 c6 2. d4 d5 3. e5 Bf5 4. Nc3 a6 5. g4 Bd7 6. Be3 h5 7. gxh5 Nh6 8. Nge2 Bg4 9. Qd2 e6 10. Ng3 Nf5 11. Nxf5 Bxf5 12. Be2 c5 13. dxc5 Nc6 14. Na4 d4 15. Bf4 Qd5 16. Rg1 Rd8 17. Bg5 Rb8 18. b4 b5 19. Nb2 Nxe5 20. Bf4 f6 21. Bxe5 fxe5 22. Nd3 e4 23. Nf4 Qe5 24. Ng6 Bxg6 25. Rxg6 Be7 26. Bg4 Bf6 27. f4 Qd5 28. Qg2 d3 29. Rd1 Bc3+ 30. Kf1 d2 31. Rxe6+ Kf8 32. Qxe4 Rxh5 33. c6 Qxe4 34. Rxe4 Rxh2 35. c7 Ra8 36. c8=Q+ Rxc8 37. Bxc8 Rh1+ 38. Ke2 Re1+ 39. Kd3 Rxd1 40. Kxc3 Kf7 41. Rd4 Rf1 42. Kxd2 Rf3 43. Bxa6 Kf6 44. Bxb5 Ra3 45. Bc4 Kf5 46. Bd3+ Kg4 47. f5+ Kf3 48. b5 Ra7 49. b6 Re7 50. Rb4 Re8 51. b7 Rb8 52. a4 g5 53. fxg6 Kg3 54. a5 Rf8 55. b8=Q+ Rxb8 1-0